| 000 | 00516 a2200169 4500 | ||
|---|---|---|---|
| 003 | OSt | ||
| 005 | 20260310094250.0 | ||
| 008 | 260310b |||||||| |||| 00| 0 eng d | ||
| 020 | _a9789334280074 | ||
| 040 | _coclc | ||
| 082 |
_a297.265 _bTRI/M |
||
| 245 |
_aMadhya nootantukalile shastra prathibhakal / _cChief editor Abdul Jabbar Trippanachi |
||
| 250 | _a1st ed, | ||
| 260 |
_aCalicut: _bKavadam Books, _c2025. |
||
| 300 | _a319 pages | ||
| 942 |
_2ddc _cBK _h297.265 _iTRI/M _k297.265 _mTRI/M |
||
| 999 |
_c44717 _d44717 |
||